Človek očami Martina Luthera Život kresťana - ovocie viery

Podrobná bibliografia
Hlavný autor: Pogányová, Michaela (Autor)
Médium: Článok
Jazyk:slovenčina
Predmet:

MARC

LEADER 00000nab a2200000uu 4500
001 vtls011527601
003 SK-MaSNL
005 20260304212552.0
008 230121|2011 xo |||||||||||||||||slo|
015 |a SNBRB 
035 |a (urnnbn)urn:nbn:sk:snk:ar-a08vfs 
035 |a (uuid)036ba90a-4059-4db5-8f94-75b593e6f802 
035 |a urn:nbn:sk:snk-abeefb 
040 |a SNKBUCL  |b slo  |c SNKBUCL  |e AACR2 
041 0 |a slo 
044 |a xo  |c SK 
080 |a 2-18  |2 2011 
080 |a 27-722.7  |2 2011 
080 |a 128  |2 2001 
100 1 |a Pogányová, Michaela  |4 aut  |9 413416 
245 1 0 |a Človek očami Martina Luthera  |b Život kresťana - ovocie viery  |c Michaela Pogányová 
650 0 7 |a človek  |2 SNKPH  |9 16150 
650 0 7 |a kresťania  |2 SNKPH  |9 4026 
650 0 7 |a život  |2 SNKPH  |9 20137 
773 0 |t Cirkevné listy : časopis venovaný záujmom cirkve evanjelickej a. v.  |g Roč. 135, č. 1-2 (2011), s. 30-33 
954 |a odborná, vedecká literatúra pôvodná (slovenská)  |2 lita 
958 |a OND 
958 |a EUIPO 
958 |a article21 
999 |c 3131977  |d 3133907